Las tres tragedias del lamparero alucinado.

Guardat en:
Dades bibliogràfiques
Autor principal: Remenyik, Zsigmond (autor)
Altres autors: Toro, Jesús Carlos (ilustrador), Chanchano Libos (ilustrador)
Format: Llibre
Idioma:espanyol
Publicat: Valparaíso, Chile: Ediciones del Caxicondor, 2016.
Matèries:
Etiquetes: Afegir etiqueta
Sense etiquetes, Sigues el primer a etiquetar aquest registre!

MARC

LEADER 00000cam a2200000 a 4500
001 UCD6514
003 CL-VaPUC
005 20250321101919.0
008 161216t20160000cl |||||||||||||||||spa|d
999 |c 446515  |d 446513 
020 |a 978-956-9507-01-4 
040 |c Pontificia Universidad Católica de Valparaíso 
082 0 4 |a 894.511 REM 2016 
100 0 |a Remenyik, Zsigmond  |e autor  |9 590360 
245 1 4 |a Las tres tragedias del lamparero alucinado. 
260 |a Valparaíso, Chile:  |b Ediciones del Caxicondor,  |c 2016. 
300 |a 125 páginas;  |b ilustraciones. 
500 |a c.1 Instituto Arcos.08-01-2025. 
583 |a last modification  |c 20161216 10:21:00  |k Gabriela Rodríguez Cuevas 
650 0 |9 350022  |a Literatura húngara   |x Epopeyas   |y Siglo 20 
650 0 |9 455007  |a Vanguardismo  |x Historia  |y Siglo 20  |z Valparaíso, Chile 
700 |9 895398  |a Toro, Jesús Carlos  |e ilustrador 
700 |9 895374  |a Chanchano Libos  |e ilustrador 
942 |c BK  |2 ddc  |n 0 
945 |d 20161216 10:21:00  |a dcastane 
952 |0 0  |1 0  |2 ddc  |4 0  |6 894_511000000000000_REM_2016  |7 0  |9 599292  |a BIBINC  |b BIBINC  |c GEN  |d 2025-01-14  |e Instituto Arcos  |i 5664114  |o 894.511 REM 2016  |p 5664114  |r 2025-01-14  |t 1  |w 2025-01-14  |y BK  |k IFP